01361nam a2200337 a 4500001001200000003000800012006001900020007001500039008004100054020001800095020002700113040002100140035002100161043001200182050002500194100003700219245013600256260003800392300004700430504005100477533015200528600003700680650005000717651001400767651003400781655002900815700001700844710001700861856012600878999001901004ebr10522077CaPaEBRm u cr cn|||||||||120123s2011 enkabf sb 001 0aeng d z9781848858336 z9780857719614 (e-book) aCaPaEBRcCaPaEBR a(OCoLC)772844775 af-tz---14aDT447.2b.M44 2011eb1 aMeek, Charles Innes,d1920-1999.10aBrief authorityh[electronic resource] :ba memoir of colonial administration in Tanganyika /cCharles Meek ; edited by Innes Meek. aLondon :bRadcliffe Press,c2011. axi, 265 p., 16 p. of plates :bill., maps. aIncludes bibliographical references and index. aElectronic reproduction.bPalo Alto, Calif. :cebrary,d2012.nAvailable via World Wide Web.nAccess may be limited to ebrary affiliated libraries.10aMeek, Charles Innes,d1920-1999. 0aColonial administratorszTanzaniavBiography. 0aTanzania. 0aTanzaniaxHistoryy1890-1918. 7aElectronic books.2local1 aMeek, Innes.2 aebrary, Inc.40uhttp://site.ebrary.com/lib/rucke/Doc?id=10522077zAn electronic book accessible through the World Wide Web; click to view c142400d142400